000 00685 a2200193 4500
010 _aENG-89008
020 _a9788172112196
_c700.00
035 _aEN-72541
037 _bDBAD / PUB
082 1 4 _a320.12095436
090 _c9826
_d9826
100 1 _aMurthy, R.V.R.
245 1 _aAndaman and Nicobar Islands :
_cby R.V.R. Murthy
_ba geo-political and strategic perspective /
260 _aNew Delhi
_bNorthern Book Centre
_c2007
270 _a4221/1, Ansari Road, Daryaganj,
_bNew Delhi
_e110 002
300 _c22 cm ( Hb.)
_bxi, 202p.
942 _cEN
_adpl
_k320.12095436/ MUR
999 _c9647
_d9647